| 000 | 00698nam a2200193 a 4500 | ||
|---|---|---|---|
| 001 | 000040736 | ||
| 005 | 20201002034336.0 | ||
| 008 | 130905s2011 sp 000 0 spa d | ||
| 020 | _a9788474919349 | ||
| 040 |
_aDO-SdBNP _bspa _cBNPHU |
||
| 100 | 1 |
_aHortalá González, María Teresa _967137 |
|
| 245 | 1 | 0 |
_aMatemática Discreta y Lógica Matemática / _cMaría Teresa Hortalá González, Javier Leach Albert, Mario Rodríguez Artalejo. |
| 250 | _a3a. ed. | ||
| 260 |
_aMadrid : _bUniversidad Complutense de Madrid, _c2011. |
||
| 300 |
_a552 p. : _bil. ; _c24 cm. |
||
| 504 | _aBibliografía : p. 551-552 | ||
| 700 | 1 |
_aRodríguez Artalejo, Mario, _967138 |
|
| 700 | 1 |
_aLeach Albert, Javier, _967139 |
|
| 999 |
_c40226 _d40226 |
||